[Event "Kronborg Chess Open 2025 Master1"]
[Site "Snekkersten"]
[Date "2025.05.31"]
[Round "6"]
[White "Loftgaard, Mikkel Vinh"]
[Black "Couso, Luis"]
[Result "1/2-1/2"]
[WhiteElo "2235"]
[BlackElo "2240"]
[WhiteFideId "1468480"]
[BlackFideId "1702920"]
[EventDate "2025.05.29"]
[EventType "tourn"]
[EventRounds "7"]
[EventCountry "DEN"]
[SourceTitle "Live v. Helsingor Chess on ChessCom"]

1. e4 e6 2. d4 d5 3. Bd3 dxe4 4. Bxe4 Nf6 5. Bf3 Bd6 6. Ne2 c6 7. O-O Nbd7 8. c4 O-O 9. Nbc3 e5 10. Bg5 h6 11. Bh4 exd4 12. Nxd4 Be5 13. Bg3 1/2-1/2

[Event "Kronborg Chess Open 2025 Master1"]
[Site "Snekkersten"]
[Date "2025.05.31"]
[Round "6"]
[White "Ostensen, Nicolai Maxime"]
[Black "Jalving, August"]
[Result "0-1"]
[WhiteElo "2283"]
[BlackElo "2273"]
[WhiteFideId "1546970"]
[BlackFideId "1471759"]
[EventDate "2025.05.29"]
[EventType "tourn"]
[EventRounds "7"]
[EventCountry "DEN"]
[SourceTitle "Live v. Helsingor Chess on ChessCom"]

1. c4 e5 2. Nc3 Bb4 3. Qb3 a5 4. a3 Bxc3 5. Qxc3 Nc6 6. Nf3 d6 7. g3 Nge7 8. Bg2 O-O 9. b3 f6 10. O-O Be6 11. Bb2 d5 12. d4 e4 13. Nd2 a4 14. b4 Qd7 15. Qc2 f5 16. cxd5 Nxd5 17. Nc4 Nb6 18. Nxb6 cxb6 19. Qc3 Ne7 20. d5 Nxd5 21. Qe5 Qf7 22. Rfd1 Rfd8 23. g4 fxg4 24. Bxe4 Nf4 25. Bg2 Nxg2 26. Kxg2 Rd5 27. Rxd5 Bxd5+ 28. e4 Bc6 29. Re1 Re8 30. Qd4 h5 31. h4 gxh3+ 32. Kxh3 Qf3+ 33. Kh2 Qf4+ 34. Kg1 Qg4+ 35. Kh2 Bxe4 36. f3 Qf4+ 37. Kg1 Qg3+ 38. Kf1 Bd3+ 0-1

[Event "Kronborg Chess Open 2025 Master1"]
[Site "Snekkersten"]
[Date "2025.05.31"]
[Round "6"]
[White "Ramsdal, Jens Albert"]
[Black "Bazilius, Augustinas"]
[Result "1-0"]
[WhiteElo "2351"]
[BlackElo "2277"]
[WhiteFideId "1429221"]
[BlackFideId "12832251"]
[EventDate "2025.05.29"]
[EventType "tourn"]
[EventRounds "7"]
[EventCountry "DEN"]
[SourceTitle "Live v. Helsingor Chess on ChessCom"]

1. e4 c5 2. Nc3 d6 3. d4 cxd4 4. Qxd4 Nc6 5. Qd2 g6 6. b3 Bh6 7. f4 e5 8. Nge2 Nf6 9. g3 Bg4 10. Bg2 Bxe2 11. Nxe2 Qb6 12. Qe3 Nb4 13. Qxb6 axb6 14. Kd2 O-O 15. a3 Na6 16. Rf1 Nc5 17. b4 exf4 18. Nxf4 Ncxe4+ 19. Kd3 d5 20. Nxd5 Bxc1 21. Nxf6+ Nxf6 22. Rfxc1 Ng4 23. c4 Rfd8+ 24. Kc3 Rd7 25. h3 Ne3 26. Bf3 Rc8 27. Be2 Nxc4 28. Bxc4 b5 29. Kb3 bxc4+ 30. Rxc4 Rd3+ 31. Kc2 Rcd8 32. Rc3 R3d6 33. Re1 R8d7 34. Ree3 f5 35. Red3 Rxd3 36. Rxd3 Rc7+ 37. Kb3 b5 38. a4 bxa4+ 39. Kxa4 Kf7 40. b5 Ke6 41. b6 Rb7 42. Kb5 g5 43. Kc6 Rb8 44. Kc7 Rf8 45. Rd6+ Ke5 46. Rd8 Rf7+ 47. Rd7 Rf8 1-0

[Event "Kronborg Chess Open 2025 Master1"]
[Site "Snekkersten"]
[Date "2025.06.01"]
[Round "7"]
[White "Couso, Luis"]
[Black "Nilssen, John Arni"]
[Result "1/2-1/2"]
[WhiteElo "2240"]
[BlackElo "2348"]
[WhiteFideId "1702920"]
[BlackFideId "7200137"]
[EventDate "2025.05.29"]
[EventType "tourn"]
[EventRounds "7"]
[EventCountry "DEN"]
[SourceTitle "Live v. Helsingor Chess on ChessCom"]

1. b3 c5 2. Bb2 b6 3. c4 Bb7 4. e3 e6 5. Nf3 Nf6 6. Nc3 a6 7. Be2 Be7 8. O-O d6 9. d4 Nbd7 10. a4 cxd4 11. exd4 O-O 12. Ra2 Re8 13. a5 bxa5 14. Qa1 Qb6 15. Na4 Qa7 16. Bc3 Bd8 17. Qe1 Rb8 18. Ra3 Bc6 19. Nd2 e5 20. d5 Bxa4 21. Rxa4 Nc5 22. Ra3 Nb7 23. Qa1 Qc5 24. b4 axb4 25. Nb3 Qc8 26. Bxb4 a5 27. Nxa5 Bxa5 28. Bxa5 Nxa5 29. Rxa5 Ne4 30. Ra6 Ra8 31. Rxa8 Qxa8 32. Qxa8 Rxa8 33. f3 Nc5 34. Rb1 Kf8 35. Rb6 Ke7 36. h4 f5 37. g3 g6 38. Kf2 h6 39. Ke3 g5 40. hxg5 hxg5 41. Rb1 f4+ 42. gxf4 gxf4+ 43. Kf2 Ra2 44. Kf1 Kd7 45. Rb8 Kc7 46. Rf8 Ra6 47. Rf6 Ra8 48. Ke1 Rh8 49. Rf7+ Kb6 50. Rf6 Nb7 51. Rf7 Na5 52. Rd7 Kc5 53. Rc7+ Kd4 54. c5 dxc5 55. d6 Rd8 56. d7 Kd5 57. Bb5 Kd6 58. Rc8 Ke7 59. Rxc5 1/2-1/2

[Event "Kronborg Chess Open 2025 Master1"]
[Site "Snekkersten"]
[Date "2025.06.01"]
[Round "7"]
[White "Jalving, August"]
[Black "Loftgaard, Mikkel Vinh"]
[Result "1/2-1/2"]
[WhiteElo "2273"]
[BlackElo "2235"]
[WhiteFideId "1471759"]
[BlackFideId "1468480"]
[EventDate "2025.05.29"]
[EventType "tourn"]
[EventRounds "7"]
[EventCountry "DEN"]
[SourceTitle "Live v. Helsingor Chess on ChessCom"]

1. e4 c5 2. Nf3 e6 3. d4 cxd4 4. Nxd4 a6 5. Bd3 Nc6 6. Nb3 Nf6 7. O-O d5 8. exd5 exd5 9. Nc3 Be7 10. Bg5 Be6 11. Ne2 O-O 12. Nbd4 Nd7 13. Bxe7 Qxe7 14. Qd2 Qf6 15. c3 Nde5 16. f4 Nxd3 17. Nxe6 Qxe6 18. Qxd3 Rfe8 19. Rf2 Rad8 20. f5 Qe4 21. Rd1 Qxd3 22. Rxd3 Re4 23. Ng3 Re1+ 24. Rf1 Rxf1+ 25. Kxf1 d4 26. cxd4 Rxd4 27. Rxd4 Nxd4 28. Kf2 Kf8 29. Ke3 Nc6 30. Ne4 Ke7 31. Nc5 Nd8 32. Ne4 Nc6 33. h3 b6 34. g4 h6 35. a3 Kd7 36. b4 Ne5 37. Kd4 1/2-1/2

[Event "Kronborg Chess Open 2025 Master1"]
[Site "Snekkersten"]
[Date "2025.06.01"]
[Round "7"]
[White "Bazilius, Augustinas"]
[Black "Ostensen, Nicolai Maxime"]
[Result "0-1"]
[WhiteElo "2277"]
[BlackElo "2283"]
[WhiteFideId "12832251"]
[BlackFideId "1546970"]
[EventDate "2025.05.29"]
[EventType "tourn"]
[EventRounds "7"]
[EventCountry "DEN"]
[SourceTitle "Live v. Helsingor Chess on ChessCom"]

1. d4 Nf6 2. c4 e6 3. Nf3 d5 4. g3 Be7 5. Bg2 O-O 6. O-O dxc4 7. Ne5 a5 8. Nxc4 a4 9. Nc3 c6 10. Bf4 Nbd7 11. Bd6 Bxd6 12. Nxd6 Nb6 13. Nxc8 Qxc8 14. Qc2 Rd8 15. Rfd1 Qb8 16. e4 Ra5 17. e5 Ne8 18. Ne4 Qa7 19. Rd3 Nd5 20. a3 Ndc7 21. Rad1 Nb5 22. Qd2 b6 23. Qg5 Qc7 24. g4 f6 25. Nxf6+ Nxf6 26. exf6 Nc3 27. Qe3 Nxd1 28. Qxe6+ Qf7 29. Qxc6 Qxf6 30. Qxf6 gxf6 31. Rxd1 Rb5 32. Bc6 Rxb2 33. Bxa4 b5 0-1

[Event "Kronborg Chess Open 2025 Master1"]
[Site "Snekkersten"]
[Date "2025.06.01"]
[Round "7"]
[White "Strom Engdahl, Alexander"]
[Black "Ramsdal, Jens Albert"]
[Result "1-0"]
[WhiteElo "2320"]
[BlackElo "2351"]
[WhiteFideId "1741586"]
[BlackFideId "1429221"]
[EventDate "2025.05.29"]
[EventType "tourn"]
[EventRounds "7"]
[EventCountry "DEN"]
[SourceTitle "Live v. Helsingor Chess on ChessCom"]

1. Nf3 d5 2. e3 Nf6 3. c4 e6 4. Nc3 c6 5. b3 Bd6 6. Bb2 O-O 7. Be2 b6 8. cxd5 exd5 9. d4 Re8 10. O-O Nbd7 11. Qc2 Bb7 12. Rac1 Nf8 13. Bd3 Ng6 14. Ne2 Ne4 15. Ng3 Nxg3 16. hxg3 Rc8 17. Qe2 Rc7 18. Rfd1 Bc8 19. Qc2 Qe7 20. Re1 Qf8 21. e4 dxe4 22. Rxe4 Rxe4 23. Bxe4 c5 24. Qd2 Re7 25. Bxg6 hxg6 26. dxc5 Bc7 27. cxb6 Rd7 28. Qxd7 Bxd7 29. Rxc7 axb6 30. Rxd7 Qe8 31. Rd1 f6 32. Bd4 Qe2 33. Rd2 Qe6 34. Be3 g5 35. Bxg5 Qe4 36. Be3 b5 37. Rd1 b4 38. Rd4 Qb1+ 39. Kh2 g5 40. Nd2 Qh7+ 41. Kg1 Qb7 42. Nf1 1-0